banner-ar

النتائج السياسية للحرب العظمى / (Record no. 49862)

MARC details
000 -الفاتح
حقل البيانات ثابتة الطول 00640nam a2200205Ia 4500
008 - عناصر البيانات ثابتة الطول - معلومات عامة
حقل البيانات ثابتة الطول 140319s9999 xx 000 0 ara d
040 ## - مصدر الفهرسة
وكالة الفهرسة الأصلية GCL /
وكالة النسخ GCL
082 04 - رقم تصنيف ديوى العشرى
رقم التصنيف 940.3
رقم المادة ر ن
100 1# - المدخل الرئيسى - إسم شخصى
الإسم الشخصى محمد بدران
245 10 - بيان العنوان
العنوان النتائج السياسية للحرب العظمى /
بيان المسئوليه,etc محمد بدران
700 1# - المدخل الاضافى - اسم شخصى
الإسم الشخصى ميور, رمزى
300 ## - الوصف المادى
التعداد 375 ص
490 ## - بيان السلسلة
عنوان السلسلة المعارف العامة
رقم المجلد/ التعيين التسلسلي 0
650 04 - المدخل الاضافى بالموضوع-مصطلح موضوعى
مصطلح موضوعي السياسة
650 04 - المدخل الاضافى بالموضوع-مصطلح موضوعى
مصطلح موضوعي الحروب
650 04 - المدخل الاضافى بالموضوع-مصطلح موضوعى
مصطلح موضوعي الحرب العالمية الاولى 1914- 1918
650 04 - المدخل الاضافى بالموضوع-مصطلح موضوعى
مصطلح موضوعي اوربا - تاريخ - الحرب العالمية
942 ## - عناصر المدخل الإضافي( كوها)
مصدر التصنيف او مخطط الترفيف Dewey Decimal Classification
Koha [default] item type كتاب
Holdings
حالة التراجع حالة الفقد حالة تلف ليس للاعارة المكان المؤقت الموقع الحالى تاريخ الاكتساب اجمالي اﻻعارات رقم الطلب الباركود تاريخ اخر مشاهدة تاريخ تفعيل السعر نوع وعاء كوها
        مكتبة القاهرة الكبرى مكتبة القاهرة الكبرى 03/26/2014   940.3\ر ن 119627 03/26/2014 03/26/2014 كتاب

Powered By

EGPV